| 000 | 00741cam a22001934a 4500 | ||
|---|---|---|---|
| 005 | 20250605163931.0 | ||
| 008 | 250528s ||||||||||||||||||||||||d | ||
| 035 | _a14702 | ||
| 020 | _a140552006 | ||
| 040 |
_aGR-AtMCL _bgre _dGR-AtMCL _eAACR2 |
||
| 245 | 1 | _aThe View from Afar | |
| 260 |
_bPenguin Books, _c1985 |
||
| 300 | _a318 | ||
| 520 | _aA masterly short treatise on anthropology and a complex portrait of a uniquely penetrating writer. Preface, The Innate and the Acquired, Family and Marriage and Kinship, The Environment and Its Representation, Beliefs and Myths and Rites, Constraint and Freedom, References, Acknowledgements, Index. | ||
| 700 | 1 |
_aLevi-Strauss Claude _9239 |
|
| 942 | _cBK | ||
| 999 |
_c323 _d323 |
||